| 000 | 00370 a2200157 4500 | ||
|---|---|---|---|
| 003 | Nust | ||
| 005 | 20170207153952.0 | ||
| 040 | _cNust | ||
| 082 | _a 005.1 | ||
| 100 | _aSaeed, Aamna MSCS-15 | ||
| 245 |
_aMulti-Resolution mosaicing _c Aamna Saeed, MSCS-15 |
||
| 260 |
_aMCS _cMarch 2012 |
||
| 300 | _aix, 45 p | ||
| 538 | _aAlmirah No 69 Shelf No 6 | ||
| 650 | _a MSCS Thesis | ||
| 942 | _cTHS | ||
| 999 |
_c190776 _d190776 |
||